| 000 | 00691nam a2200265Ia 4500 | ||
|---|---|---|---|
| 001 | Para_6236 | ||
| 003 | CHAP | ||
| 008 | 220125s1983 xx 000 0 und d | ||
| 010 | _a204979 | ||
| 040 | _cCHAP | ||
| 090 | _aPA FOLLETO 335 | ||
| 110 |
_aBayer de México, S.A. _9163908 |
||
| 245 |
_aManual Fitosanitario de la soya / _c por Bayer de México |
||
| 260 |
_aMéxico : _b Bayer |
||
| 300 | _as.p. | ||
| 650 |
_aSoya _x enfermedades _9109044 |
||
| 650 |
_aSoya _x plagas _9109077 |
||
| 901 | _aPA FOLLETO 335 | ||
| 902 | _aA | ||
| 905 | _a0000001983 0000000000 00 | ||
| 910 | _a1983 | ||
| 942 | _cPARA | ||
| 942 |
_cPARA _d1 |
||
| 999 |
_c204979 _d204979 |
||